000
00319nam a22001337a 4500
008
250429b |||||||| |||| 00| 0 eng d
020
_a
14026279
050
_a
JC 421
_b
.K38
100
_a
Kato Cecilia D.
245
_a
Democracy in Nigeria
260
_a
Swoden
_b
Internation Idea
_c
2000
300
_a
379p.
942
_c
BK
999
_c
3251
_d
3251